000 00315nam a2200133 i 4500
001 bg
100 1 _aHASKOVCOVA, Helena
245 0 _aMiędzy życiem a śmiercią /
_cHelena Haskovcova.
260 _aWarszawa,
_c1978.
040 _cBPK
041 _apol
942 _cKS
008 s pl f |000 0 pol
999 _c9567
_d9567
856 _uhttp://koha.tu.koszalin.pl/cgi-bin/koha/opac-detail.pl?biblionumber=9567
_yKatalog online BPK